Countries Most Similar To Germany - Statistics

General Stats
  • This quiz has been taken 404 times
  • The average score is 16 of 20
Answer Stats
Rank Country Score % Correct
2 Austria 85.0
96%
4 France 82.6
94%
1 Netherlands 86.0
93%
13 Poland 77.9
92%
3 Belgium 84.9
90%
7 Switzerland 80.5
90%
9 Sweden 80.0
89%
8 United Kingdom 80.1
89%
6 Denmark 81.9
88%
11 Italy 78.7
88%
17 Norway 76.9
87%
4 Luxembourg 82.6
84%
14 Spain 77.8
83%
10 Czech Republic 79.6
79%
19 Finland 75.6
79%
16 Slovakia 77.1
73%
18 Ireland 76.6
69%
11 Slovenia 78.7
68%
14 Hungary 77.8
61%
20 Latvia 75.1
37%
No matching quizzes found
Score Distribution
Percent of People with Each Score
Percentile by Number Answered
Your Score History
You have not taken this quiz